Lịch sử văn học Nga /

Zapisane w:
Opis bibliograficzny
1. autor: Đỗ Hồng Chung
Kolejni autorzy: ..., Nguyễn Hải H, Nguyễn Kim Đính
Format: Sách giấy
Język:Vietnamese
Wydane: H. : Giáo dục, 1997
Hasła przedmiotowe:
Etykiety: Dodaj etykietę
Nie ma etykietki, Dołącz pierwszą etykiete!
Thư viện lưu trữ: Thư viện Trường Đại học Đà Lạt
LEADER 00863nam a2200337 4500
001 DLU020014291
005 ##6/26/2000
020 # # |a 978- 
041 # # |a vie 
082 # # |a 891.7  |b Lic 
090 # # |a 891.7  |b Lic 
100 # # |a Đỗ Hồng Chung 
245 # # |a Lịch sử văn học Nga /  |c Đỗ Hồng Chung, Nguyễn Kim Đính, Nguyễn Hải Hà, ...  
260 # # |a H. :  |b Giáo dục,  |c 1997 
300 # # |a 879 tr.;   |c 25 cm. 
653 # # |a Lịch sử văn học 
653 # # |a Nghiên cứu văn học 
653 # # |a Văn học hiện thực 
653 # # |a Văn học Nga 
700 # # |a ..., 
700 # # |a Nguyễn Hải Hà 
700 # # |a Nguyễn Kim Đính 
992 # # |a 85000 
994 # # |a DLU 
900 # # |a False 
911 # # |a Administrator 
925 # # |a G 
926 # # |a A 
927 # # |a SH 
980 # # |a Thư viện Trường Đại học Đà Lạt